THE PSYCHOLOGY OF THE ESOTERIC (Record no. 357365)

MARC details
000 -LEADER
fixed length control field 003570000a22001450004500
005 - DATE AND TIME OF LATEST TRANSACTION
control field 20120302062658.0
040 ## - CATALOGING SOURCE
Original cataloging agency ENG
100 ## - MAIN ENTRY--PERSONAL NAME
Personal name OSHO
245 ## - TITLE STATEMENT
Title THE PSYCHOLOGY OF THE ESOTERIC
250 ## - EDITION STATEMENT
Edition statement 3 RD
260 ## - PUBLICATION, DISTRIBUTION, ETC. (IMPRINT)
Place of publication, distribution, etc GERMANY : THE REBEL PUBLISHING HOUSE
300 ## - PHYSICAL DESCRIPTION
Extent 178 P.
650 ## - SUBJECT ADDED ENTRY--TOPICAL TERM
Topical term or geographic name as entry element YOGA / MEITATION / DIVINE / ESOTERIC / DREAMS
942 ## - ADDED ENTRY ELEMENTS (KOHA)
Koha item type Book
Holdings
Withdrawn status Lost status Damaged status Not for loan Home library Current library Date acquired Total Checkouts Barcode Date last seen Price effective from
        Institute For Oriental Study, Thane Institute For Oriental Study, Thane 12/02/2009   IOS-E 18418 12/02/2009 12/02/2009